Normal view
MARC view
- Discrete Mathematics
Entry Topical Term
001 - CONTROL NUMBER
- control field: 4626
003 - CONTROL NUMBER IDENTIFIER
- control field: JO-AjAnu
005 - DATE AND TIME OF LATEST TRANSACTION
- control field: 20230606071044.0
008 - FIXED-LENGTH DATA ELEMENTS
- fixed length control field: 230606|| aca||aabn | a|a d
040 ## - CATALOGING SOURCE
- Original cataloging agency: JO-AjAnu
- Transcribing agency: JO-AjAnu
150 ## - HEADING--TOPICAL TERM
- Topical term or geographic name entry element: Discrete Mathematics
670 ## - SOURCE DATA FOUND
- Source citation: Work cat.: (JO-AjAnu)2396: Ram,BABU, author 4625, Discrete Mathematics